Cartoons by Obscure Plot - Statistics

General Stats
  • This quiz has been taken 27 times
  • The average score is 2 of 10
Answer Stats
Hint Answer % Correct
112 year old dude goes on a quest- with friends- to save the world from a psychopathic (or sociopathic) tyrant Avatar: the Last Airbender
78%
Human goes through a door and finds herself in a land of demons and witches- falls in love with a cotton candyhaired goddess and plays offbrand Quidditch The Owl House
43%
(Reboot) Dumb blonde with a magic sword reunites with her cat and saves the world by turning a spaceship into a giant tree She-ra and the Princesses of Power
26%
Buff hoodlum with a face tattoo and their psychopathic sister find themselves on opposite sides of an ongoing war. The psychopath just shot a rocket (out of a certain fishboned bazooka) at the government Arcane
17%
Spikyhaired girl that can turn into a big purple cat saves the world from a tyranical talking mandrill ape dressed up as a classical composer who uses humans as slaves Kipo and the Age of Wonderbeasts
13%
Literally everyone is good looking- and there are dragons (this is all that is important) The Dragon Prince
13%
(Reboot) Jane the Virgin saves the world with Finn Wolfhard Carmen Sandiego
9%
Communism, "coexistance", Anarcy, Facism- all leading up to vacation plans and handholding that will go down in history Legend of Korra
9%
A Talking horse saves the world from a terrifying antihero with the help of a wine mom, drag queen, buff bird, giraffe, and kleptomaniac Centaurworld
4%
(Reboot) 5 "guys" and two "elves" save the world with flying robotic space lions Voltron: Legendary Defender
4%
No matching quizzes found
Score Distribution
Percent of People with Each Score
Percentile by Number Answered
Your Score History
You have not taken this quiz